Kierownicy katedr WPiA UJ - Statystyki

Ogólne statystyki
  • Ten quiz został rozwiązany 3 razy
  • Średni wynik to 7 z 25
Statystyki odpowiedzi
Hint Odpowiedź % Poprawnych
Katedra Powszechnej Historii Państwa i Prawa Andrzej Dziadzio
67%
Katedra Historii Administracji i Myśli Administracyjnej Dorota Malec
67%
Katedra Prawa Rzymskiego Franciszek Longchamps de Bérier
67%
Zakład Historii Prawa Polskiego Izabela Lewandowska-Malec
67%
Katedra Prawa Cywilnego Jerzy Pisuliński
67%
Katedra Filozofii Prawa i Etyki Prawniczej Jerzy Stelmach
67%
Katedra Prawa Konstytucyjnego Piotr Tuleja
67%
Katedra Prawa Gospodarczego Prywatnego Andrzej Szumański
33%
Katedra Kryminologii Krzysztof Krajewski
33%
Katedra Teorii Prawa Krzysztof Płeszka
33%
Katedra Prawa Ustrojowego Porównawczego Piotr Mikuli
33%
Katedra Prawa Międzynarodowego Publicznego Roman Kwiecień
33%
Katedra Prawa Karnego Włodzimierz Wróbel
33%
Katedra Prawa Administracyjnego Wojciech Jakimowicz
33%
Katedra Prawa Finansowego Adam Nita
0%
Katedra Prawa Własności Intelektualnej Andrzej Matlak
0%
Katedra Postępowania Karnego Andrzej Światłowski
0%
Katedra Prawa Ochrony Środowiska Barbara Iwańska
0%
Katedra Postępowania Administracyjnego Hanna Knysiak-Sudyka
0%
Katedra Socjologii Prawa Janina Czapska
0%
Katedra Kryminalistyki Józef Wójcikiewicz
0%
Katedra Prawa Pracy i Polityki Społecznej Krzysztof Baran
0%
Katedra Prawa Samorządu Terytorialnego Mirosław Stec
0%
Katedra Prawa Europejskiego Sławomir Dudzik
0%
Katedra Publicznego Prawa Gospodarczego i Polityki Gospodarczej Tadeusz Włudyka
0%
Nie znaleziono quizów pasujących do podanych kryteriów
Rozkład punktacji
Procent ludzi z każdym wynikiem
Percentyl według liczby udzielonych odpowiedzi
Twoja historia wyników
Nie rozwiązałeś tego quizu